000 00640nam a2200265Ia 4500
005 20260121165716.0
008 008 260114s9999 xx 000 0 eng d
020 _a9783642105036
037 _aEBOOK
040 _aCRL
040 _beng
040 _cCRL
041 _2eng
041 _aeng
084 _qCRL
100 _aLorenzo Pavesi, David J. Lockwood
_91055059
245 0 _aSilicon Photonics III
260 _bSpringer
260 _bSpringer
260 _c2016
856 _uhttps://link.springer.com/openurl?genre=book&isbn=978-3-642-10503-6
942 _cEBOOK
999 _c1620786
_d1620786